Zbierka úloh z matematiky pre 4. ročník základných škôl

Bibliographic Details
Main Authors: Melichar, Jan, 1940-2022 (Author), Kalná, Valéria (Author), Koman, Milan, 1932-2012 (Author)
Other Authors: Sitárová, Eva, 1938- (Translator), Jelínek, Bohdan, 1948- (nob)
Format: Book
Language:Slovak
PhysicalDescription:120 s. Sch., tab. 20 cm
Published: Bratislava Slovenské pedagogické nakladateľstvo 1994
ISBN:8008023066
Edition:2. vyd.
Subjects:

MARC

LEADER 00000nam a2200000 a 4500
001 vtls001076081
003 SK-MaSNL
005 20260302063930.0
008 251031s1994 xo 0 slo
015 |a SNBA1994/09 
020 |a 8008023066 
035 |a SNK000018914 
040 |a SNK  |b slo  |c SNK  |e AACR2 
041 0 |a slo 
044 |a xo  |c SK 
080 |a 372.47(075.2)  |2 1981 
100 1 |a Melichar, Jan,  |d 1940-2022  |4 aut  |9 87552 
240 1 0 |a Sbírka úloh z matematiky pro 4. ročník ZŠ  |l Slovensky 
245 1 0 |a Zbierka úloh z matematiky pre 4. ročník základných škôl  |c Jan Melichar, Valéria Kalná, Milan Koman ; Prel. Eva Sitárová ; Obál. navrhol Bohdan Jelínek 
250 |a 2. vyd. 
260 |a Bratislava  |b Slovenské pedagogické nakladateľstvo  |c 1994  |e Nitra  |f Nitrianske tlačiarne 
300 |a 120 s.  |b Sch., tab.  |c 20 cm 
500 |a Schválilo MŠM a Tv SR 
655 7 |a učebnice  |2 SNK  |9 22521 
700 1 |a Kalná, Valéria  |4 aut  |9 342872 
700 1 |a Koman, Milan,  |d 1932-2012  |4 aut  |9 208318 
700 1 |a Sitárová, Eva,  |d 1938-  |4 trl  |9 90607 
700 1 |a Jelínek, Bohdan,  |d 1948-  |4 nob  |9 37014 
852 |a Slovenská národná knižnica 
919 |a 80-08-02306-6 
954 |a matematika 
958 |a TL 
958 |a UX 
958 |a OP 
958 |a CZ 
958 |a NS 
968 |b ČES  |d Z čes. orig. 
999 |c 1134871  |d 1136801 
952 |t P60, <04>, [BOOK], {604}  |a SNK  |b SNK  |y VYP  |7 0  |p 17A0241180  |o snkSC 86449 D1  |0 0  |1 0  |4 0  |d 2000-06-09  |l 0  |r 2004-12-31 00:00:00  |w 2026-02-24